| 000 | 01070nam a22002417a 4500 | ||
|---|---|---|---|
| 005 | 20240305165416.0 | ||
| 007 | cr|||| |||| | ||
| 008 | 130917s2013 mx |||||s|||| 00||0 spa d | ||
| 020 | _a968-9184-06-7 | ||
| 035 | _a11484 | ||
| 040 | _avLex | ||
| 090 |
_c4495 _d4495 |
||
| 100 | 1 | _aCampoli, Gabriel Andrés | |
| 245 | 1 | 0 |
_aDesarrollo de un Caso de Simulación de Juicio Oral _h[Recurso electrónico] / _cGabriel Andrés Campoli _nTomo IV |
| 256 | _aServicio en línea | ||
| 260 |
_a[S.l.] : _bGabriel Andrés Campoli, _c2013 |
||
| 300 | _a1 recurso electrónico | ||
| 506 | 1 |
_aContenido solo disponible en los productos indicados _dvLex Global _dvLex Global (Academic Edition, excluding Law Schools) _dvLex Global (U.S. Academic Edition, Law Schools) _dvLex Global (U.S. Academic Edition, excluding Law Schools) _dvLex Global (Academic Edition, Law Schools) |
|
| 650 | 0 | 4 |
_aJuicio Oral _zMéxico |
| 740 | 0 | _avLex Libros (Servicio en línea) | |
| 856 | 4 | 0 | _uhttps://app.vlex.com/#/sources/teoria-general-proceso-acusatorio-adversarial-tomo-v-11484 |
| 942 | _cRAA | ||
| 999 |
_c162857 _d162857 |
||